Statistiques concernant Kavinsky - Outrun

Cliquez ici pour prendre le quiz!

Statistiques générales

  • Ce quiz a été pris 4 fois
  • Le résultat moyen est 2 sur 13

Statistiques - réponses

Outrun% Correct
Nightcall
100%
Testarossa Autodrive
25%
Rampage
25%
Roadgame
25%
Prelude
0%
Blizzard
0%
ProtoVision
0%
Odd Look
0%
Suburbia
0%
Deadcruiser
0%
Grand Canyon
0%
First Blood
0%
Endless
0%

Distribution des résultats

Percentile par nombre de réponses

% des personnes avec chaque résultat

Votre développement - résultats

Vous n’avez pas pris ce quiz